|
|
|
|
| LEADER |
00000cam a22000002c 4500 |
| 001 |
109938141X |
| 003 |
DE-627 |
| 005 |
20260206204820.0 |
| 007 |
tu |
| 008 |
920804s1982 xx ||||| m 00| ||ger c |
| 015 |
|
|
|a 83,H06,0149
|2 dnb
|
| 016 |
7 |
|
|a 830530266
|2 DE-101
|
| 024 |
8 |
|
|a 005637
|q Sonstige Nr.
|
| 035 |
|
|
|a (DE-627)109938141X
|
| 035 |
|
|
|a (DE-603)073656992
|
| 035 |
|
|
|a (DE-576)02938141X
|
| 035 |
|
|
|a (DE-599)BSZ02938141X
|
| 035 |
|
|
|a (OCoLC)251460284
|
| 035 |
|
|
|a (OCoLC)46036327
|
| 035 |
|
|
|a (OCoLC)251460284
|
| 040 |
|
|
|a DE-627
|b ger
|c DE-627
|e rakwb
|
| 041 |
|
|
|a ger
|
| 084 |
|
|
|a 19
|a 33
|a 11
|2 sdnb
|
| 084 |
|
|
|a CZ 3000
|2 rvk
|0 (DE-625)rvk/19240:
|
| 084 |
|
|
|a PH 9020
|2 rvk
|0 (DE-625)rvk/136530:
|
| 100 |
1 |
|
|a Klose, Wolfgang Friedrich
|0 (DE-627)1239320329
|0 (DE-576)169320324
|4 aut
|
| 109 |
|
|
|a Klose, Wolfgang Friedrich
|a Klose, Wolfgang F.
|
| 245 |
1 |
0 |
|a Vergleichende Untersuchungen zu psychiatrischen Voraussetzungen der Schuldunfähigkeit
|c Wolfgang Friedrich Klose
|
| 264 |
|
1 |
|a Erlangen
|b Döres
|c 1982
|
| 300 |
|
|
|a 234 S.
|
| 336 |
|
|
|a Text
|b txt
|2 rdacontent
|
| 337 |
|
|
|a ohne Hilfsmittel zu benutzen
|b n
|2 rdamedia
|
| 338 |
|
|
|a Band
|b nc
|2 rdacarrier
|
| 502 |
|
|
|a Erlangen-Nürnberg, Univ., Med. Fak., Diss., 1982
|
| 655 |
|
7 |
|a Hochschulschrift
|0 (DE-588)4113937-9
|0 (DE-627)105825778
|0 (DE-576)209480580
|2 gnd-content
|
| 751 |
|
|
|a Nürnberg
|0 (DE-588)4042742-0
|0 (DE-627)106212834
|0 (DE-576)209052325
|4 uvp
|
| 751 |
|
|
|a Erlangen
|0 (DE-588)4015299-6
|0 (DE-627)106337254
|0 (DE-576)208911154
|4 uvp
|
| 935 |
|
|
|h HEB
|i 0501
|
| 935 |
|
|
|h HEB
|i 0503
|
| 936 |
r |
v |
|a CZ 3000
|b Psychopathologie, Psychiatrie
|k Psychologie
|k Grenzgebiete der Psychologie
|k Psychopathologie, Psychiatrie
|0 (DE-627)1271133776
|0 (DE-625)rvk/19240:
|0 (DE-576)201133776
|
| 936 |
r |
v |
|a PH 9020
|b Strafjustiz; Strafverfahren; Rechtsmedizin; Gerichtlicher Sachverständiger; Gerichtliche Psychiatrie; Kriminalpsychiatrie; Gerichtliche Psychologie; Aussagepsychologie
|k Rechtswissenschaft
|k Strafrecht, Strafverfahrensrecht, Kriminologie
|k Kriminologie
|k Strafverfahren und Strafvollzug; Empirische Bezugswissenschaften zur Kriminalrechtspflege; Forschung zu strafrechtlicher Sozialkontrolle
|k Strafjustiz; Strafverfahren; Rechtsmedizin; Gerichtlicher Sachverständiger; Gerichtliche Psychiatrie; Kriminalpsychiatrie; Gerichtliche Psychologie; Aussagepsychologie
|0 (DE-627)1271677156
|0 (DE-625)rvk/136530:
|0 (DE-576)201677156
|
| 936 |
s |
n |
|a p100
|2 mzub
|
| 936 |
s |
n |
|a w200
|2 mzub
|
| 936 |
s |
n |
|a c200
|2 mzub
|
| 951 |
|
|
|a BO
|
| ELC |
|
|
|b 1
|
| LOK |
|
|
|0 000 xxxxxcx a22 zn 4500
|
| LOK |
|
|
|0 001 2189711371
|
| LOK |
|
|
|0 003 DE-627
|
| LOK |
|
|
|0 004 109938141X
|
| LOK |
|
|
|0 005 20150204123425
|
| LOK |
|
|
|0 008 921230||||||||||||||||ger|||||||
|
| LOK |
|
|
|0 040
|a DE-21-110
|c DE-627
|d DE-21-110
|
| LOK |
|
|
|0 689
|a s
|a Forensische Psychiatrie
|
| LOK |
|
|
|0 689
|a s
|a Schuldfähigkeit
|
| LOK |
|
|
|0 689
|a s
|a Sachverständige
|
| LOK |
|
|
|0 852
|a DE-21-110
|
| LOK |
|
|
|0 852 1
|c M IX 122
|m p
|9 00
|
| LOK |
|
|
|0 935
|a k110
|
| LOK |
|
|
|0 936ln
|a 8.6.6
|
| LOK |
|
|
|0 938
|k p
|
| LOK |
|
|
|0 939
|a 30-12-92
|b l01
|
| ORI |
|
|
|a SA-MARC-krimdoka001.raw
|
| SIG |
|
|
|a IFK: M IX 122
|